| 000 | 00549nam a2200181Ia 4500 | ||
|---|---|---|---|
| 008 | 230718s9999 xx 000 0 und d | ||
| 020 | _a9781787287471 | ||
| 041 | _aeng | ||
| 082 |
_a006.31 _bLES |
||
| 100 |
_aLesmeister C. _9200956 |
||
| 245 |
_aMastering Machine Learning with R _bAdvanced Prediction, Algorithms, And Learning Methods With R 3. x |
||
| 250 | _a2nd ed. | ||
| 260 |
_c2017 _bPackt |
||
| 300 | _a403 | ||
| 365 |
_cRs. _b1199.00 |
||
| 700 |
_aLesmeister C. _9200956 |
||
| 906 |
_dO:0601704-Aug-2018B:IN24118-Jul-2018 _cCOMP _b239.8 |
||
| 999 |
_c348023 _d348023 |
||